Statistics for Formula 1 Tragic Events

Click here to take the quiz!

General Stats

  • This quiz has been taken 216 times
    (116 since last reset)
  • The average score is 9 of 12

Answer Stats

QuestionAnswer% Correct
What is the name a safety device made of carbon fiber that saved Romain Grosjean's life at 2020 Bahrain Grand Prix when his car was caught in flames?Halo
96%
In which F1 circuit Brazilian driver Ayrton Senna died in an accident in 1994?Imola
93%
In which F1 circuit French driver Jules Bianchi died in an accident in 2014?Suzuka
89%
Jochen Rindt became the only driver to be posthumously awarded as F1 Champion. When did he die?1970
79%
Which Swedish driver died in an accident in 1978 Italian Grand Prix at Monza?Ronnie Peterson
78%
One day before Senna's accident, Ratzenberger participated in the second qualifying session and had a crash. Where was he from?Austria
76%
How did F1 driver James Hunt die?Heart attack
69%
Former F1 champion Jim Clark was killed in a Formula Two racing accident in 1968 in which circuit?Hockenheim
68%
How did F1 driver Graham Hill die?Aircraft crash
64%
In which F1 circuit Canadian driver Gilles Villeneuve died in an accident in 1982?Zolder
64%
Which Italian F1 driver was killed in an accident while testing the Brabham BT55 at Paul Ricard circuit in 1986?Elio de Angelis
59%
Which French driver was killed in a crash at Hockenheim in 1980, during a private testing session?Patrick Depailler
48%

Score Distribution

Percentile by Number Answered

Percent of People with Each Score

Your Score History

You have not taken this quiz since the last reset